Les 25 plus grosses ventes de la LaLiga - Statistiques

Statistiques générales
  • Ce quiz a été pris 108 fois
  • Le résultat moyen est 7 sur 25
Statistiques - réponses
#1 Saison Montant du transfert Nom % Correct
1 17/18 222 mill.€ Neymar
99%
3 18/19 117 mill.€ Cristiano Ronaldo
85%
2 19/20 120 mill.€ Antoine Griezmann
75%
15 23/24 50 mill.€ Ousmane Dembélé
62%
14 24/25 52 mill.€ Joao Felix
42%
13 00/01 60 mill.€ Luis Figo
40%
9 19/20 70 mill.€ Rodri
36%
7 14/15 75 mill.€ Angel Di Maria
33%
8 22/23 70,65 mill.€ Casemiro
33%
11 17/18 66 mill.€ Alvaro Morata
24%
20 13/14 47 mill.€ Mesut Ozil
23%
23 13/14 43 mill.€ Radamel Falcao
22%
5 18/19 80 mill.€ Kepa Arrizabalaga
18%
6 19/20 80 mill.€ Lucas Hernandez
16%
16 22/23 50 mill.€ Jules Koundé
14%
4 20/21 80,6 mill.€ Arthur Melo
13%
24 20/21 43 mill.€ Achraf Hakimi
12%
12 17/18 65 mill.€ Aymeric Laporte
11%
25 08/09 43 mill.€ Robinho
6%
10 22/23 70 mill.€ Alexander Isak
5%
21 19/20 45 mill.€ Mateo Kovacic
5%
22 15/16 44,5 mill.€ Nicolas Otamendi
4%
17 20/21 50 mill.€ Thomas Partey
4%
19 01/02 48 mill.€ Gaizka Mendieta
0%
18 23/24 50 mill.€ Matheus Cunha
0%
Aucun quiz correspondant
Distribution des résultats
% des personnes avec chaque résultat
Percentile par nombre de réponses
Votre historique - résultats
Vous n’avez pas pris ce quiz